| 000 | 01830cam a2200409 i 4500 | ||
|---|---|---|---|
| 999 |
_c200443300 _d61512 |
||
| 001 | 200443300 | ||
| 003 | TR-AnTOB | ||
| 005 | 20220404165135.0 | ||
| 007 | ta | ||
| 008 | 850819s1984 au i000 0 eng d | ||
| 035 | _a(OCoLC)12398103 | ||
| 035 | _a(BakerMFHD)40808 | ||
| 035 | _a(Baker)96088 | ||
| 035 | _a(Aleph)001213642 | ||
| 035 | _a(TR-AnTOB)200443300 | ||
| 040 |
_aHBS _beng _erda _cHBS _dTR-AnTOB |
||
| 041 | 0 | _aeng | |
| 050 | 4 |
_aHF5549.5.T7 _bS77 1984 |
|
| 090 | _aTOBBK HF5549.5.T7 S77 1984 | ||
| 245 | 0 | 4 |
_aThe Strengthening of national training systems and the required international co-operation : _ba background paper for the First Consultation on the Training of Industrial Manpower / _cprepared by the Secretariat of UNIDO in collaboration with the Secretariats of ILO and UNESCO. |
| 264 | 1 |
_a[Vienna, Austria](P.O. Box 300, Vienna International Centre, A-1400 Vienna) : _bNegotiations Branch, Division of Policy Co-ordination, [United Nations Industrial Development Organization, _c[1984] |
|
| 300 |
_aiv, 204 pages ; _c30 cm |
||
| 336 |
_atext _btxt _2rdacontent |
||
| 337 |
_aunmediated _bn _2rdamedia |
||
| 338 |
_avolume _bnc _2rdacarrier |
||
| 490 | 0 |
_aSystem of consultations reprint series ; _vno. 1. |
|
| 500 | _a"UNIDO/PC.94, 23 January 1984."--cover. | ||
| 650 | 0 |
_aEmployees _xTraining of _952 |
|
| 710 | 2 |
_aUnited Nations Industrial Development Organization _943398 |
|
| 710 | 2 |
_aInternational Labour Office _927101 |
|
| 710 | 2 |
_aUnesco _954094 |
|
| 711 | 2 |
_aConsultation on the Training of Industrial Manpower _n(1st : _d1982 : _cStuttgart, Germany) _9132391 |
|
| 711 | 2 |
_aConsultation on the Training of Industrial Manpower _n(1st : _d1982 : _cStuttgart, Federal Republic of Germany) _9132391 |
|
| 942 |
_2z _cBK |
||